00625nam a22002057a 450000500170000001000130001702000220003003500130005203700160006504000120008108200100009310000220010324500780012526000380020327000530024130000240029450000390031865000230035765000390038020170124105929.0 aB-226192 c00.00a8189901168 aB-226192 bCen Lib/Ret aDPLbEN a372.6 aMukherjee,Shankar aCommunicative perspectives on teaching of english /cby Shankar Mukherjee a DelhibAcademic excellencec2007 a 12-Ekta apartments Geeta colonyb Delhie110031 axi,179p. c21cm(Hb) aIncludes bibliographical reference aEnglish - teaching aEnglish-communicative perspectives